000 01062cas a22003017a 4500
005 20220329142103.0
008 990609d co ar pernn 0 uub1spa d
010 _a78188
011 _a79160
035 _a89325
245 0 0 _aBoletín de Estadística de la Federación Nacional de Cafeteros
_c/por Federación Nacional de Cafeteros de Colombia
260 0 _aBogotá, Colombia :
_bFederación Nacional de Cafeteros de Colombia, 193?-
300 _av.
310 _aAnual
362 1 _an.37, 1961
500 _aSe dejó de recibir a partir del v.16 n.37, 1961.
590 _aBATCH-UPD
_b10
_c20130110
_lUCH01
_h0355
590 _aBATCH-UPD
_b10
_c20130410
_lUCH01
_h0029
590 _aBATCH-UPD
_b10
_c20130914
_lUCH01
_h0811
590 _aCONVERSION
_b10
_c20130109
_lUCH01
_h1343
650 1 4 _aCafé
_zColombia
_xPublicaciones periódicas.
_917212
866 _av.16 n.37 (1961)
866 _av.4 n.17 (1938)
866 _av.5 n.21-24 (1940-1943)
866 _av.8 n.29 (1949)
901 _aSE
905 _aMa. del Socorro Iturbe C.
999 _c78188
_d78188